000 01170nam a22002777a 4500
005 20240530110552.0
008 160217s2012 ku ak g b 000 0 ara d
017 _a2012/4/1440
_bالكويت . دائرة المكتبة الوطنية
020 _a9789957171650
040 _aEG-CaGPL
082 0 4 _221
_a158.3\
_bب م
100 0 _aباسم محمد على الدحادحه
245 1 0 _aمهارات القيادة فى الارشاد الجمعى للمجموعات الصغيرة :
_bالسس النظرية و التطبيقات العلمية /
_cتاليف باسم محمد على الدحادحه
250 _aط1
260 _aالكويت :
_bمكتبة الفلاح للنشر و التوزيع ،
_c2013 .
300 _a400 ص :
_bايض ؛
_c24 سم .
504 _aيشتمل على ارجاعات ببليوجرافية
650 0 4 _aالتوجية التربوى
650 0 4 _aالارشاد النفسى
650 0 4 _aالمراهقون
_xارشاد
650 0 4 _aالاطفال
_xارشاد
650 0 4 _aقائد الجماعة .
650 0 4 _aالمسنين .
942 _2ddc
_cBK
999 _c62475
_d62475